000 00265nam a22001097a 4500
008 160622b xxu||||| |||| 00| 0 eng d
100 _9439
_aCameron, E,
245 _aJulia's Magic
260 _aNew York
_bE.P Dutton
_c1984
300 _aJulia's Magic
942 _2ddc
_cBK
999 _c364
_d364